<?xml version="1.0" encoding="UTF-8"?>
<record
    xmlns:xsi="http://www.w3.org/2001/XMLSchema-instance"
    xsi:schemaLocation="http://www.loc.gov/MARC21/slim http://www.loc.gov/standards/marcxml/schema/MARC21slim.xsd"
    xmlns="http://www.loc.gov/MARC21/slim">

  <leader>01173nam a22002537a 4500</leader>
  <controlfield tag="003">OSt</controlfield>
  <controlfield tag="005">20240301141434.0</controlfield>
  <controlfield tag="007">ta</controlfield>
  <controlfield tag="008">210409e2020    dr acd|g |||| 001 0 spa d</controlfield>
  <datafield tag="040" ind1=" " ind2=" ">
    <subfield code="a">DO-SdBNP</subfield>
    <subfield code="b">spa</subfield>
    <subfield code="c">BNPHU</subfield>
  </datafield>
  <datafield tag="041" ind1=" " ind2=" ">
    <subfield code="h">spa</subfield>
  </datafield>
  <datafield tag="082" ind1=" " ind2="4">
    <subfield code="a">616.932097294</subfield>
    <subfield code="b">C965e</subfield>
    <subfield code="2">22</subfield>
  </datafield>
  <datafield tag="100" ind1="1" ind2=" ">
    <subfield code="a">Cuevas P&#xE9;rez, C&#xE9;sar A.</subfield>
    <subfield code="9">73856</subfield>
  </datafield>
  <datafield tag="245" ind1="1" ind2="3">
    <subfield code="a">[El c&#xF3;lera en Hait&#xED;] /</subfield>
    <subfield code="c">C&#xE9;sar A. Cuevas P&#xE9;rez.</subfield>
  </datafield>
  <datafield tag="260" ind1=" " ind2=" ">
    <subfield code="a">Hait&#xED; :</subfield>
    <subfield code="b">[Embajada de la Rep&#xFA;blica Dominicana en Hait&#xED;],</subfield>
    <subfield code="c">[2015-2020].</subfield>
  </datafield>
  <datafield tag="300" ind1=" " ind2=" ">
    <subfield code="a">4v. :</subfield>
    <subfield code="b">il., retrs., cuadros ; </subfield>
    <subfield code="c">27 cm.</subfield>
  </datafield>
  <datafield tag="504" ind1=" " ind2=" ">
    <subfield code="a">Bibliograf&#xED;a : p. 203-204</subfield>
  </datafield>
  <datafield tag="505" ind1="1" ind2=" ">
    <subfield code="a">v.1.</subfield>
    <subfield code="t">Evoluci&#xF3;n del c&#xF3;lera e Hait&#xED; -  informes 01- 25 / 3a. ed. --</subfield>
    <subfield code="g">v.2. </subfield>
    <subfield code="t">Evoluci&#xF3;n del c&#xF3;lera en Hait&#xED; -  informes 26-52 / 2a. ed.--</subfield>
    <subfield code="g">v.3. </subfield>
    <subfield code="t">El c&#xF3;lera en Hait&#xED; y su entrada en la Rep&#xFA;blica Dominicana - Informes 53 - 82 + 5 notas informativas --</subfield>
    <subfield code="g">v.4. </subfield>
    <subfield code="t">El c&#xF3;lera en Hait&#xED; y su entrada en la Rep&#xFA;blica Dominicana - Informes 83 - 102 + Dos notas informativas.</subfield>
  </datafield>
  <datafield tag="590" ind1=" " ind2=" ">
    <subfield code="a">Inventariado, 2022/MFF</subfield>
  </datafield>
  <datafield tag="650" ind1=" " ind2="4">
    <subfield code="9">81549</subfield>
    <subfield code="a">C&#xF3;lera</subfield>
    <subfield code="x">Enfermedad</subfield>
    <subfield code="z">Hait&#xED;</subfield>
  </datafield>
  <datafield tag="650" ind1=" " ind2="4">
    <subfield code="9">79049</subfield>
    <subfield code="a">C&#xF3;lera </subfield>
    <subfield code="z">Hait&#xED;</subfield>
    <subfield code="x">Historia </subfield>
  </datafield>
  <datafield tag="910" ind1=" " ind2=" ">
    <subfield code="a">Validado. Control de calidad MFF</subfield>
  </datafield>
  <datafield tag="942" ind1=" " ind2=" ">
    <subfield code="2">ddc</subfield>
    <subfield code="c">LBS1</subfield>
  </datafield>
  <datafield tag="952" ind1=" " ind2=" ">
    <subfield code="0">0</subfield>
    <subfield code="1">0</subfield>
    <subfield code="2">ddc</subfield>
    <subfield code="5">1</subfield>
    <subfield code="7">0</subfield>
    <subfield code="8">PD</subfield>
    <subfield code="a">BNPHU</subfield>
    <subfield code="b">BNPHU</subfield>
    <subfield code="c">HD</subfield>
    <subfield code="d">2020-06-22</subfield>
    <subfield code="e">Donado por C&#xE9;sar Antonio Cuevas P&#xE9;res</subfield>
    <subfield code="o">BNPHU PD 616.932097294 C965e</subfield>
    <subfield code="p">2021-1344</subfield>
    <subfield code="r">2021-04-09</subfield>
    <subfield code="t">v.3</subfield>
    <subfield code="w">2021-04-09</subfield>
    <subfield code="y">LBS1</subfield>
  </datafield>
  <datafield tag="952" ind1=" " ind2=" ">
    <subfield code="0">0</subfield>
    <subfield code="1">0</subfield>
    <subfield code="2">ddc</subfield>
    <subfield code="5">1</subfield>
    <subfield code="7">0</subfield>
    <subfield code="8">PD</subfield>
    <subfield code="a">BNPHU</subfield>
    <subfield code="b">BNPHU</subfield>
    <subfield code="c">HD</subfield>
    <subfield code="d">2020-06-22</subfield>
    <subfield code="e">Donado por C&#xE9;sar Antonio cuevas P&#xE9;rez</subfield>
    <subfield code="o">BNPHU PD 616.932097294 C965e</subfield>
    <subfield code="p">2021-1345</subfield>
    <subfield code="r">2021-04-09</subfield>
    <subfield code="t">v.3,e.2</subfield>
    <subfield code="w">2021-04-09</subfield>
    <subfield code="y">LBS1</subfield>
  </datafield>
  <datafield tag="952" ind1=" " ind2=" ">
    <subfield code="0">0</subfield>
    <subfield code="1">0</subfield>
    <subfield code="2">ddc</subfield>
    <subfield code="5">6</subfield>
    <subfield code="7">0</subfield>
    <subfield code="8">DS</subfield>
    <subfield code="a">BNPHU</subfield>
    <subfield code="b">BNPHU</subfield>
    <subfield code="c">HD</subfield>
    <subfield code="d">2020-06-22</subfield>
    <subfield code="e">Donado por C&#xE9;sar Antonio Cuevas P&#xE9;rez</subfield>
    <subfield code="o">BNPHU DS 616.932097294 C965e</subfield>
    <subfield code="p">2021-1346</subfield>
    <subfield code="r">2021-04-09</subfield>
    <subfield code="t">v.3, e.3</subfield>
    <subfield code="w">2021-04-09</subfield>
    <subfield code="y">LBS1</subfield>
  </datafield>
  <datafield tag="952" ind1=" " ind2=" ">
    <subfield code="0">0</subfield>
    <subfield code="1">0</subfield>
    <subfield code="2">ddc</subfield>
    <subfield code="5">6</subfield>
    <subfield code="7">0</subfield>
    <subfield code="8">DS</subfield>
    <subfield code="a">BNPHU</subfield>
    <subfield code="b">BNPHU</subfield>
    <subfield code="c">HD</subfield>
    <subfield code="d">2020-06-22</subfield>
    <subfield code="e">Donado por C&#xE9;sar Antonio Cuevas P&#xE9;rez</subfield>
    <subfield code="o">BNPHU DS 616.932097294 C965e</subfield>
    <subfield code="p">2021-1347</subfield>
    <subfield code="r">2021-04-09</subfield>
    <subfield code="t">v.3, e.4</subfield>
    <subfield code="w">2021-04-09</subfield>
    <subfield code="y">LBS1</subfield>
  </datafield>
  <datafield tag="952" ind1=" " ind2=" ">
    <subfield code="0">0</subfield>
    <subfield code="1">0</subfield>
    <subfield code="2">ddc</subfield>
    <subfield code="5">6</subfield>
    <subfield code="7">0</subfield>
    <subfield code="8">DS</subfield>
    <subfield code="a">BNPHU</subfield>
    <subfield code="b">BNPHU</subfield>
    <subfield code="c">HD</subfield>
    <subfield code="d">2020-08-12</subfield>
    <subfield code="e">Donado por C&#xE9;sar Cuevas P&#xE9;rrez </subfield>
    <subfield code="o">BNPHU DS 616.932097294 C965e</subfield>
    <subfield code="p">2021-1348</subfield>
    <subfield code="r">2021-04-09</subfield>
    <subfield code="t">v.3, e.5 </subfield>
    <subfield code="w">2021-04-09</subfield>
    <subfield code="y">LBS1</subfield>
  </datafield>
  <datafield tag="952" ind1=" " ind2=" ">
    <subfield code="0">0</subfield>
    <subfield code="1">0</subfield>
    <subfield code="2">ddc</subfield>
    <subfield code="5">1</subfield>
    <subfield code="7">0</subfield>
    <subfield code="8">PD</subfield>
    <subfield code="a">BNPHU</subfield>
    <subfield code="b">BNPHU</subfield>
    <subfield code="c">HD</subfield>
    <subfield code="d">2020-06-22</subfield>
    <subfield code="e">Donado por C&#xE9;sar Cuevas P&#xE9;rez</subfield>
    <subfield code="o">BNPHU PD 616.932097294 C965e</subfield>
    <subfield code="p">2021-1349</subfield>
    <subfield code="r">2021-04-09</subfield>
    <subfield code="t">v.4</subfield>
    <subfield code="w">2021-04-09</subfield>
    <subfield code="y">LBS1</subfield>
  </datafield>
  <datafield tag="952" ind1=" " ind2=" ">
    <subfield code="0">0</subfield>
    <subfield code="1">0</subfield>
    <subfield code="2">ddc</subfield>
    <subfield code="5">6</subfield>
    <subfield code="7">0</subfield>
    <subfield code="8">DS</subfield>
    <subfield code="a">BNPHU</subfield>
    <subfield code="b">BNPHU</subfield>
    <subfield code="c">HD</subfield>
    <subfield code="d">2020-08-12</subfield>
    <subfield code="e">Donado por C&#xE9;sar Cuevas P&#xE9;rez</subfield>
    <subfield code="o">BNPHU DS 616.932097294 C965e</subfield>
    <subfield code="p">2021-1361</subfield>
    <subfield code="r">2021-04-09</subfield>
    <subfield code="t">v.4, e.4</subfield>
    <subfield code="w">2021-04-09</subfield>
    <subfield code="y">LBS1</subfield>
  </datafield>
  <datafield tag="952" ind1=" " ind2=" ">
    <subfield code="0">0</subfield>
    <subfield code="1">0</subfield>
    <subfield code="2">ddc</subfield>
    <subfield code="5">1</subfield>
    <subfield code="7">0</subfield>
    <subfield code="8">PD</subfield>
    <subfield code="a">BNPHU</subfield>
    <subfield code="b">BNPHU</subfield>
    <subfield code="c">HD</subfield>
    <subfield code="d">2020-08-12</subfield>
    <subfield code="e">Donado por C&#xE9;sar Antonio Cuevas P&#xE9;rez</subfield>
    <subfield code="o">BNPHU PD  616.932097294 C965e</subfield>
    <subfield code="p">2021-1351</subfield>
    <subfield code="r">2021-04-09</subfield>
    <subfield code="t">v.4, e.2</subfield>
    <subfield code="w">2021-04-09</subfield>
    <subfield code="y">LBS1</subfield>
  </datafield>
  <datafield tag="952" ind1=" " ind2=" ">
    <subfield code="0">0</subfield>
    <subfield code="1">0</subfield>
    <subfield code="2">ddc</subfield>
    <subfield code="5">6</subfield>
    <subfield code="7">0</subfield>
    <subfield code="8">DS</subfield>
    <subfield code="a">BNPHU</subfield>
    <subfield code="b">BNPHU</subfield>
    <subfield code="c">HD</subfield>
    <subfield code="d">2020-06-22</subfield>
    <subfield code="e">Donado por C&#xE9;sar Cuevas P&#xE9;rez</subfield>
    <subfield code="o">BNPHU DS 616.932097294 C965e</subfield>
    <subfield code="p">2021-1360</subfield>
    <subfield code="r">2021-04-12</subfield>
    <subfield code="t">v.4, e.3</subfield>
    <subfield code="w">2021-04-12</subfield>
    <subfield code="y">LBS1</subfield>
  </datafield>
  <datafield tag="952" ind1=" " ind2=" ">
    <subfield code="0">0</subfield>
    <subfield code="1">0</subfield>
    <subfield code="2">ddc</subfield>
    <subfield code="5">1</subfield>
    <subfield code="7">0</subfield>
    <subfield code="8">PD</subfield>
    <subfield code="a">BNPHU</subfield>
    <subfield code="b">BNPHU</subfield>
    <subfield code="c">HD</subfield>
    <subfield code="d">2022-05-10</subfield>
    <subfield code="o">BNPHU PD 616.932097294  C965e</subfield>
    <subfield code="p">45772-10</subfield>
    <subfield code="r">2022-05-10</subfield>
    <subfield code="t">v.1</subfield>
    <subfield code="w">2022-05-10</subfield>
    <subfield code="y">LBS1</subfield>
  </datafield>
  <datafield tag="952" ind1=" " ind2=" ">
    <subfield code="0">0</subfield>
    <subfield code="1">0</subfield>
    <subfield code="2">ddc</subfield>
    <subfield code="5">1</subfield>
    <subfield code="7">0</subfield>
    <subfield code="8">PD</subfield>
    <subfield code="a">BNPHU</subfield>
    <subfield code="b">BNPHU</subfield>
    <subfield code="c">HD</subfield>
    <subfield code="d">2022-05-10</subfield>
    <subfield code="o">BNPHU PD 616.932097294  C965e</subfield>
    <subfield code="p">45772-20</subfield>
    <subfield code="r">2022-05-10</subfield>
    <subfield code="t">v.1, e.2</subfield>
    <subfield code="w">2022-05-10</subfield>
    <subfield code="y">LBS1</subfield>
  </datafield>
  <datafield tag="952" ind1=" " ind2=" ">
    <subfield code="0">0</subfield>
    <subfield code="1">0</subfield>
    <subfield code="2">ddc</subfield>
    <subfield code="5">6</subfield>
    <subfield code="7">0</subfield>
    <subfield code="8">DS</subfield>
    <subfield code="a">BNPHU</subfield>
    <subfield code="b">BNPHU</subfield>
    <subfield code="c">HD</subfield>
    <subfield code="d">2022-05-10</subfield>
    <subfield code="o">BNPHU DS 616.932097294  C965e</subfield>
    <subfield code="p">45772-30</subfield>
    <subfield code="r">2022-05-10</subfield>
    <subfield code="t">v.1, e.3</subfield>
    <subfield code="w">2022-05-10</subfield>
    <subfield code="y">LBS1</subfield>
  </datafield>
  <datafield tag="952" ind1=" " ind2=" ">
    <subfield code="0">0</subfield>
    <subfield code="1">0</subfield>
    <subfield code="2">ddc</subfield>
    <subfield code="5">1</subfield>
    <subfield code="7">0</subfield>
    <subfield code="8">PD</subfield>
    <subfield code="a">BNPHU</subfield>
    <subfield code="b">BNPHU</subfield>
    <subfield code="c">HD</subfield>
    <subfield code="d">2022-05-10</subfield>
    <subfield code="o">BNPHU PD 616.932097294  C965e</subfield>
    <subfield code="p">2021-1338</subfield>
    <subfield code="r">2022-05-10</subfield>
    <subfield code="t">v.2, e.2</subfield>
    <subfield code="w">2022-05-10</subfield>
    <subfield code="y">LBS1</subfield>
  </datafield>
  <datafield tag="952" ind1=" " ind2=" ">
    <subfield code="0">0</subfield>
    <subfield code="1">0</subfield>
    <subfield code="2">ddc</subfield>
    <subfield code="5">6</subfield>
    <subfield code="7">0</subfield>
    <subfield code="8">DS</subfield>
    <subfield code="a">BNPHU</subfield>
    <subfield code="b">BNPHU</subfield>
    <subfield code="c">HD</subfield>
    <subfield code="d">2022-05-10</subfield>
    <subfield code="o">BNPHU DS 616.932097294 C965e</subfield>
    <subfield code="p">2021-1339</subfield>
    <subfield code="r">2022-05-10</subfield>
    <subfield code="t">v.2, e.3</subfield>
    <subfield code="w">2022-05-10</subfield>
    <subfield code="y">LBS1</subfield>
  </datafield>
  <datafield tag="952" ind1=" " ind2=" ">
    <subfield code="0">0</subfield>
    <subfield code="1">0</subfield>
    <subfield code="2">ddc</subfield>
    <subfield code="5">1</subfield>
    <subfield code="7">0</subfield>
    <subfield code="8">PD</subfield>
    <subfield code="a">BNPHU</subfield>
    <subfield code="b">BNPHU</subfield>
    <subfield code="c">HD</subfield>
    <subfield code="d">2022-05-10</subfield>
    <subfield code="o">BNPHU PD 616.932097294 C965e</subfield>
    <subfield code="p">45772-40</subfield>
    <subfield code="r">2022-05-10</subfield>
    <subfield code="t">v.2</subfield>
    <subfield code="w">2022-05-10</subfield>
    <subfield code="y">LBS1</subfield>
  </datafield>
  <datafield tag="999" ind1=" " ind2=" ">
    <subfield code="c">49714</subfield>
    <subfield code="d">49714</subfield>
  </datafield>
</record>
